The Da Vinci code : (Record no. 188240)

000 -LEADER
fixed length control field 01030 a2200301 4500
003 - CONTROL NUMBER IDENTIFIER
control field Nust
005 - DATE AND TIME OF LATEST TRANSACTION
control field 20230120101909.0
010 ## - LIBRARY OF CONGRESS CONTROL NUMBER
LC control number 2002040918
020 ## - INTERNATIONAL STANDARD BOOK NUMBER
International Standard Book Number 0552149519
040 ## - CATALOGING SOURCE
Transcribing agency Nust
082 00 - DEWEY DECIMAL CLASSIFICATION NUMBER
Classification number 808.83,BRO
100 1# - MAIN ENTRY--PERSONAL NAME
Personal name Brown, Dan,
9 (RLIN) 9885
245 14 - TITLE STATEMENT
Title The Da Vinci code :
Remainder of title a novel /
Statement of responsibility, etc. Dan Brown.
250 ## - EDITION STATEMENT
Edition statement 1st ed.
260 ## - PUBLICATION, DISTRIBUTION, ETC.
Place of publication, distribution, etc. New York :
Name of publisher, distributor, etc. Doubleday,
Date of publication, distribution, etc. 2003.
300 ## - PHYSICAL DESCRIPTION
Extent 604 p. ;
Dimensions 25 cm.
600 00 - SUBJECT ADDED ENTRY--PERSONAL NAME
Personal name Leonardo,
Dates associated with a name 1452-1519
General subdivision Appreciation
9 (RLIN) 107207
650 #0 - SUBJECT ADDED ENTRY--TOPICAL TERM
Topical term or geographic name entry element Art museum curators
General subdivision Crimes against
9 (RLIN) 107208
650 #0 - SUBJECT ADDED ENTRY--TOPICAL TERM
Topical term or geographic name entry element Cryptographers
9 (RLIN) 107209
650 #0 - SUBJECT ADDED ENTRY--TOPICAL TERM
Topical term or geographic name entry element Grail
9 (RLIN) 107210
650 #0 - SUBJECT ADDED ENTRY--TOPICAL TERM
Topical term or geographic name entry element Secret societies
9 (RLIN) 11852
651 #0 - SUBJECT ADDED ENTRY--GEOGRAPHIC NAME
Geographic name Paris (France)
9 (RLIN) 107211
655 #7 - INDEX TERM--GENRE/FORM
Genre/form data or focus term Mystery fiction.
856 42 - ELECTRONIC LOCATION AND ACCESS
Materials specified Contributor biographical information
Uniform Resource Identifier <a href="http://www.loc.gov/catdir/bios/random054/2002040918.html">http://www.loc.gov/catdir/bios/random054/2002040918.html</a>
856 42 - ELECTRONIC LOCATION AND ACCESS
Materials specified Publisher description
Uniform Resource Identifier <a href="http://www.loc.gov/catdir/description/random044/2002040918.html">http://www.loc.gov/catdir/description/random044/2002040918.html</a>
856 42 - ELECTRONIC LOCATION AND ACCESS
Materials specified Sample text
Uniform Resource Identifier <a href="http://www.loc.gov/catdir/samples/random042/2002040918.html">http://www.loc.gov/catdir/samples/random042/2002040918.html</a>
942 ## - ADDED ENTRY ELEMENTS (KOHA)
Source of classification or shelving scheme
Koha item type Book
Holdings
Withdrawn status Lost status Source of classification or shelving scheme Damaged status Not for loan Permanent Location Current Location Shelving location Date acquired Shelving control number Total Checkouts Full call number Barcode Date last seen Date last checked out Price effective from Koha item type Public note
          Military College of Signals (MCS) Military College of Signals (MCS) General Stacks 12/12/2016 English Literature 3 808.83,BRO MCS31902 07/31/2025 01/31/2025 12/12/2016 Book Almirah No.56, Shelf No.4
© 2023 Central Library, National University of Sciences and Technology. All Rights Reserved.